Normal view
MARC view
- Forsythe, Chris
Entry Personal Name
001 - CONTROL NUMBER
- control field: 93965
003 - CONTROL NUMBER IDENTIFIER
- control field: NUST
005 - DATE AND TIME OF LATEST TRANSACTION
- control field: 20220720100638.0
008 - FIXED-LENGTH DATA ELEMENTS
- fixed length control field: 220720|| aca||aabn | a|a d
040 ## - CATALOGING SOURCE
- Original cataloging agency: NUST
- Transcribing agency: NUST
100 ## - HEADING--PERSONAL NAME
- Personal name: Forsythe, Chris
670 ## - SOURCE DATA FOUND
- Source citation: Work cat.: (NUST)176807: Cognitive systems :, c2006.
